000 00563nam a2200193 a 4500
001 8165
003 CO-ViMGA
008 141112s2004 ck r 000 u spa d
020 _a9586014452
040 _aCO-ViMGA
_bspa
_cCO-ViMGA
082 0 4 _a894.5113 Z45d
100 1 _aZilahy, Lajos
_97914
245 1 0 _aEl Desertor
260 _aBarcelona :
_bEdiciones G.P,
_c1965
300 _a153p.
490 _aEl arca de papel
590 _aForma de adquisición : donacion - - Proveedor : RAFAEL SALAMANCA - - Fecha de adquisición : 01 - 31 - 2001
942 _2ddc
_cBK
999 _c19978
_d19978